FIFA World Cup Winners by Editions Won - Statistics

General Stats
  • This quiz has been taken 53 times
  • The average score is 7 of 8
Answer Stats
Year(s) Winner % Correct
1954, 1974, 1990, 2014 Germany
incl. West Germany
98%
1958, 1962, 1970, 1994, 2002 Brazil
95%
1998, 2018 France
95%
1978, 1986, 2022 Argentina
93%
1934, 1938, 1982, 2006 Italy
90%
2010 Spain
90%
1966 England
88%
1930, 1950 Uruguay
88%
No matching quizzes found
Score Distribution
Percent of People with Each Score
Percentile by Number Answered
Your Score History
You have not taken this quiz